Creating accessible environments (Record no. 104543)
[ view plain ]
| 000 -LEADER | |
|---|---|
| fixed length control field | 01590cam a2200325 4500 |
| 001 - CONTROL NUMBER | |
| control field | ##E130730 |
| 008 - FIXED-LENGTH DATA ELEMENTS--GENERAL INFORMATION | |
| fixed length control field | 050826n2005 000 0 eng u |
| 020 ## - INTERNATIONAL STANDARD BOOK NUMBER | |
| International Standard Book Number | 190438837X |
| 035 ## - SYSTEM CONTROL NUMBER | |
| System control number | (Sirsi) u130730 |
| 041 0# - LANGUAGE CODE | |
| Language code of text/sound track or separate title | eng |
| 050 04 - LIBRARY OF CONGRESS CALL NUMBER | |
| Classification number | 346.41043 $2 18 |
| 100 1# - MAIN ENTRY--PERSONAL NAME | |
| Personal name | Frangos, Marcos |
| 245 ## - TITLE STATEMENT | |
| Title | Creating accessible environments |
| Remainder of title | a guide to the DDA and related legislation - a CPD study pack |
| 250 ## - EDITION STATEMENT | |
| Edition statement | 3rd ed. |
| 260 ## - PUBLICATION, DISTRIBUTION, ETC. | |
| Place of publication, distribution, etc. | Reading |
| Name of publisher, distributor, etc. | College of Estate Management |
| Date of publication, distribution, etc. | 2005 |
| 300 ## - PHYSICAL DESCRIPTION | |
| Extent | 63p. |
| Dimensions | 30cm. + 1 audio cd (ca. 60min.) |
| 350 ## - PRICE (NR) (BK AM CF MU VM SE) [OBSOLETE] | |
| Price | 59.50 |
| 490 ## - SERIES STATEMENT | |
| Series statement | College of Estate Management CPD Study Pack |
| 520 ## - SUMMARY, ETC. | |
| Summary, etc. | Aimed at building professionals this pack includes information on duties in employment and service provision under the Disability Discrimination Act 1995; alterations to leased premises; the Act itself and the Building Regulations 2000 Approved Document M (2004 Edition); "Design of buildings and their approaches to meet the needs of disabled : code of practice"; access audits, audit trails and planning for access improvements. |
| 520 ## - SUMMARY, ETC. | |
| Summary, etc. | Accompanied by the Owlion audio CD "Disability Discrimination Act 1995 - update 2005" |
| 520 ## - SUMMARY, ETC. | |
| Summary, etc. | Supersedes 2003 edition (ISBN 1904388086). |
| 590 ## - LOCAL NOTE (RLIN) | |
| Local note | IKA270905 |
| 650 24 - SUBJECT ADDED ENTRY--TOPICAL TERM | |
| Topical term or geographic name entry element | DISABILITY DISCRIMINATION ACT 1995 |
| 650 24 - SUBJECT ADDED ENTRY--TOPICAL TERM | |
| Topical term or geographic name entry element | BS 8300: 2001 |
| 650 24 - SUBJECT ADDED ENTRY--TOPICAL TERM | |
| Topical term or geographic name entry element | BUILDING REGULATIONS 2000 APPROVED DOCUMENT M (2004 EDITION) |
| 690 ## - LOCAL SUBJECT ADDED ENTRY--TOPICAL TERM (OCLC, RLIN) | |
| Topical term or geographic name as entry element | MANAGEMENT-BUSINESS MANAGEMENT-DISCRIMINATION-DISABILITY DISCRIMINATION-ACCESSIBILITY |
| 710 2# - ADDED ENTRY--CORPORATE NAME | |
| Corporate name or jurisdiction name as entry element | College of Estate Management |
| 9 (RLIN) | 400 |
| 942 ## - ADDED ENTRY ELEMENTS (KOHA) | |
| Suppress in OPAC | 0 |
| Withdrawn status | Lost status | Source of classification or shelving scheme | Damaged status | Not for loan | Home library | Current library | Shelving location | Date acquired | Cost, normal purchase price | Total Checkouts | Full call number | Barcode | Date last seen | Date last checked out | Copy number | Cost, replacement price | Price effective from | Koha item type |
|---|---|---|---|---|---|---|---|---|---|---|---|---|---|---|---|---|---|---|
| Dewey Decimal Classification | London | London | Enquiry desk | 04/10/2005 | 59.42 | 30 | BASEMENT 6 | 30071353 | 06/08/2019 | 18/01/2010 | 2 | 59.42 | 06/08/2019 | Audio | ||||
| Missing | London | London | Missing | 04/10/2005 | 59.42 | 18 | BASEMENT 6 | 30071351 | 06/08/2019 | 23/03/2009 | 3 | 59.42 | 06/08/2019 | Audio | ||||
| Missing | London | London | Missing | 04/10/2005 | 59.42 | 15 | BASEMENT 6 | 30071352 | 06/08/2019 | 18/03/2008 | 6 | 59.42 | 06/08/2019 | Audio |